|
|
|
|
| LEADER |
00000nab a2200000 a 4500 |
| 001 |
vtls000743363 |
| 003 |
SK-MaSNL |
| 005 |
20260304131215.0 |
| 008 |
250429c2000 xo 0 slo |
| 015 |
|
|
|a SNBRB2001/01-00347
|
| 035 |
|
|
|a CLN000095200
|
| 035 |
|
|
|a urn:nbn:sk:snk-ab6oat
|
| 035 |
|
|
|a (uuid)7eadbae5-86d7-41ad-b013-fcfa0a6990a0
|
| 035 |
|
|
|a (urnnbn)urn:nbn:sk:snk:ar-005odo
|
| 035 |
|
|
|a (sysno)vtls000743363
|
| 040 |
|
|
|a SNKBUCL
|b slo
|c SNKBUCL
|e AACR2
|
| 041 |
0 |
|
|a cze
|
| 044 |
|
|
|a xo
|c SK
|
| 080 |
|
|
|a 621.791:614.8
|2 1997
|
| 080 |
|
|
|a 614.8
|2 1997
|
| 100 |
1 |
|
|a Kudělka, Vladimír
|4 aut
|9 793201
|
| 245 |
1 |
0 |
|a Právní, bezpečnostní a technické požadavky při svařování
|c Vladimír Kudělka
|
| 650 |
0 |
7 |
|a zváranie
|x bezpečnosť práce
|x ochrana požiarna
|x zariadenia technické
|x bezpečnosť technická
|2 snkbucl
|9 1443964
|
| 650 |
0 |
7 |
|a bezpečnosť práce
|2 snkbucl
|9 1296
|
| 650 |
0 |
7 |
|a požiarna ochrana
|2 snkbucl
|9 1501
|
| 650 |
0 |
7 |
|a bezpečnosť technická
|2 snkbucl
|9 1114691
|
| 655 |
|
7 |
|a články z novín a časopisov
|2 snkbucl
|9 267496
|
| 773 |
0 |
|
|t Zváranie
|g Roč. 49, č. 11-12 (2000), s. 274-277
|x 0044-5525
|
| 850 |
|
|
|a Slovenská národná knižnica
|
| 852 |
|
|
|a Slovenská národná knižnica
|
| 954 |
|
|
|a odborná, vedecká literatúra pôvodná (slovenská)
|2 lita
|
| 954 |
|
|
|a odborná, vedecká literatúra cudzojazyčná (svetová)
|2 lita
|
| 958 |
|
|
|a article
|
| 958 |
|
|
|a OND
|
| 958 |
|
|
|a EUIPO
|
| 992 |
|
|
|a RBX
|
| 999 |
|
|
|c 2896369
|d 2898299
|